[Event "Phillips & Drew GLC Knights"]
[Site "London, County Hall"]
[Date "1982.04.22"]
[Round "8"]
[White "Britton, Richard L"]
[Black "Fedorowicz, John P"]
[Result "1-0"]
[WhiteElo "2285"]
[BlackElo "2455"]
[PlyCount "85"]
[EventDate "1982.04.15"]
[EventType "tourn"]
[EventRounds "15"]
[EventCountry "ENG"]
[SourceTitle "BritBase"]
[Source "John Saunders"]
[SourceDate "2023.10.13"]
[SourceVersion "1"]
[SourceVersionDate "2023.10.13"]
[SourceQuality "1"]

1. e4 c5 2. Nf3 Nc6 3. d4 cxd4 4. Nxd4 Nf6 5. Nc3 e5 6. Ndb5 d6 7. Bg5 a6 8.
Na3 b5 9. Bxf6 gxf6 10. Nd5 f5 11. Bd3 Be6 12. O-O Bg7 13. Qh5 O-O 14. exf5 e4
15. f6 Bxd5 16. fxg7 Re8 17. Qxd5 exd3 18. Qxc6 Rc8 19. Qxa6 dxc2 20. Qxb5 Re5
21. Qd3 Rec5 22. Rac1 Qc7 23. Rfe1 Qa5 24. h3 Rd5 25. Qb3 Qd2 26. Qe3 Kxg7 27.
Qxd2 Rxd2 28. b3 d5 29. Kf1 Rc6 30. Rxc2 Rcxc2 31. Nxc2 Rxc2 32. Rd1 Rxa2 33.
Rxd5 Rb2 34. Rb5 Kg6 35. g4 f6 36. Kg2 Rb1 37. h4 Rd1 38. h5+ Kh6 39. Kg3 Rd4
40. f3 Kg7 41. Rb7+ Kg8 42. h6 Kf8 43. b4 1-0

[Event "Phillips & Drew GLC Knights"]
[Site "London, County Hall"]
[Date "1982.04.22"]
[Round "8"]
[White "Conquest, Stuart C"]
[Black "Hartoch, Robert G"]
[Result "1/2-1/2"]
[WhiteElo "2315"]
[BlackElo "2390"]
[PlyCount "80"]
[EventDate "1982.04.15"]
[EventType "tourn"]
[EventRounds "15"]
[EventCountry "ENG"]
[SourceTitle "BritBase"]
[Source "John Saunders"]
[SourceDate "2023.10.13"]
[SourceVersion "1"]
[SourceVersionDate "2023.10.13"]
[SourceQuality "1"]

1. Nf3 g6 2. g3 Bg7 3. Bg2 e5 4. d3 Nc6 5. c4 Nge7 6. Nc3 O-O 7. O-O d6 8. Rb1
Bf5 9. h3 Qd7 10. Kh2 h6 11. Bd2 g5 12. Qc1 Bg6 13. Ne1 f5 14. f4 gxf4 15. gxf4
Kh7 16. b4 Rae8 17. b5 Nd8 18. e3 c5 19. bxc6 bxc6 20. a4 Ne6 21. Qa3 Bh5 22.
a5 exf4 23. exf4 Ng6 24. a6 Nc5 25. Nf3 Nxd3 26. Rb7 Qe6 27. Nd5 cxd5 28. Qxd3
dxc4 29. Qd4 Re7 30. Qxa7 c3 31. Bc1 Bxf3 32. Bxf3 Rff7 33. Qb6 Qc4 34. Qb5
Qa2+ 35. Kh1 Nh4 36. Bd5 Qc2 37. Qb1 Qe2 38. Qb5 Qc2 39. Qb1 Qe2 40. Qb5 Qc2
1/2-1/2

[Event "Phillips & Drew GLC Knights"]
[Site "London, County Hall"]
[Date "1982.04.22"]
[Round "8"]
[White "Cox, John J"]
[Black "Norris, Alan J"]
[Result "0-1"]
[WhiteElo "2285"]
[BlackElo "2265"]
[PlyCount "72"]
[EventDate "1982.04.15"]
[EventType "tourn"]
[EventRounds "15"]
[EventCountry "ENG"]
[SourceTitle "BritBase"]
[Source "John Saunders"]
[SourceDate "2023.10.13"]
[SourceVersion "1"]
[SourceVersionDate "2023.10.13"]
[SourceQuality "1"]

1. c4 Nf6 2. Nc3 g6 3. g3 Bg7 4. Bg2 d6 5. Nf3 O-O 6. O-O e5 7. d3 Nc6 8. Rb1
a5 9. b3 Nh5 10. Nd5 f5 11. Bg5 Qd7 12. Qc1 Kh8 13. Bh6 f4 14. Bxg7+ Qxg7 15.
a3 g5 16. b4 g4 17. Nd2 Nd4 18. Re1 Nxe2+ 19. Rxe2 f3 20. Re1 fxg2 21. Ne4 axb4
22. Rxb4 b6 23. a4 Bf5 24. Kxg2 Bxe4+ 25. dxe4 Rf7 26. Qd1 Raf8 27. Rb2 Qg6 28.
Kg1 Ng7 29. Ne3 Rf3 30. Qd5 Ne6 31. Ng2 Ra3 32. Qc6 Nd4 33. Qxc7 Nf3+ 34. Kf1
Nxh2+ 35. Ke2 Qxe4+ 36. Ne3 Qd3# 0-1

[Event "Phillips & Drew GLC Knights"]
[Site "London, County Hall"]
[Date "1982.04.22"]
[Round "8"]
[White "Flear, Glenn C"]
[Black "McNab, Colin Anderson"]
[Result "0-1"]
[WhiteElo "2390"]
[BlackElo "2340"]
[PlyCount "76"]
[EventDate "1982.04.15"]
[EventType "tourn"]
[EventRounds "15"]
[EventCountry "ENG"]
[SourceTitle "BritBase"]
[Source "John Saunders"]
[SourceDate "2023.10.13"]
[SourceVersion "1"]
[SourceVersionDate "2023.10.13"]
[SourceQuality "1"]

1. d4 d6 2. c4 e5 3. Nc3 exd4 4. Qxd4 Nc6 5. Qd2 Nf6 6. g3 g6 7. Bg2 Bg7 8. b3
O-O 9. Bb2 Re8 10. Nh3 d5 11. cxd5 Bxh3 12. Bxh3 Nxd5 13. Nxd5 Bxb2 14. Rd1 Nd4
15. Qxb2 Qxd5 16. O-O c5 17. Bg4 h5 18. e3 hxg4 19. exd4 Rad8 20. dxc5 Qxd1 21.
Rxd1 Rxd1+ 22. Kg2 Ree1 23. f4 Re3 24. Kf2 Rf3+ 25. Ke2 Rh1 26. Qd4 Rxh2+ 27.
Ke1 Rxg3 28. f5 gxf5 29. Kf1 Rf3+ 30. Kg1 Rh6 31. Qd5 Re6 32. Qxb7 Re1+ 33. Kg2
Re2+ 34. Kg1 Rd3 35. Kf1 Rxa2 36. Ke1 Rh3 37. Qa8+ Kg7 38. Qd5 Rh1+ 0-1

[Event "Phillips & Drew GLC Knights"]
[Site "London, County Hall"]
[Date "1982.04.22"]
[Round "8"]
[White "Franklin, Michael J"]
[Black "Sowray, Peter John"]
[Result "0-1"]
[WhiteElo "2315"]
[BlackElo "2270"]
[PlyCount "58"]
[EventDate "1982.04.15"]
[EventType "tourn"]
[EventRounds "15"]
[EventCountry "ENG"]
[SourceTitle "BritBase"]
[Source "John Saunders"]
[SourceDate "2023.10.13"]
[SourceVersion "1"]
[SourceVersionDate "2023.10.13"]
[SourceQuality "1"]

1. d4 Nf6 2. Nf3 e6 3. e3 b6 4. Nbd2 Bb7 5. Bd3 c5 6. O-O Nc6 7. c3 Be7 8. Re1
cxd4 9. exd4 O-O 10. Ne5 Rc8 11. Re3 d6 12. Ng4 g6 13. Rh3 e5 14. Nh6+ Kg7 15.
dxe5 dxe5 16. Qe2 Rc7 17. Ne4 Nxe4 18. Bxe4 Rd7 19. Nf5+ gxf5 20. Bh6+ Kh8 21.
Qh5 Rg8 22. Bf8 Bh4 23. Rxh4 f6 24. Bxf5 Rg5 25. Qxh7+ Rxh7 26. Rxh7+ Kg8 27.
Rd7 Qxf8 28. Be6+ Kh8 29. Rxb7 Nd8 0-1

[Event "Phillips & Drew GLC Knights"]
[Site "London, County Hall"]
[Date "1982.04.22"]
[Round "8"]
[White "King, Daniel John"]
[Black "Rumens, David E"]
[Result "1-0"]
[WhiteElo "2365"]
[BlackElo "2320"]
[PlyCount "71"]
[EventDate "1982.04.15"]
[EventType "tourn"]
[EventRounds "15"]
[EventCountry "ENG"]
[SourceTitle "BritBase"]
[Source "John Saunders"]
[SourceDate "2023.10.13"]
[SourceVersion "1"]
[SourceVersionDate "2023.10.13"]
[SourceQuality "1"]

1. Nf3 f5 2. d4 Nf6 3. g3 e6 4. Bg2 Be7 5. O-O O-O 6. c4 d6 7. Nc3 Qe8 8. b3 a5
9. Bb2 c6 10. Re1 d5 11. e3 Ng4 12. Nd2 Bf6 13. Nf1 dxc4 14. bxc4 e5 15. Rb1
Na6 16. Na4 e4 17. Nb6 Rb8 18. f3 exf3 19. Bxf3 Be6 20. d5 Rd8 21. Qe2 Bf7 22.
Bxg4 Bxb2 23. Qxb2 fxg4 24. e4 Bg6 25. Re3 Nc5 26. Rbe1 Nxe4 27. Nd2 Nxd2 28.
Rxe8 Nf3+ 29. Kf2 Rdxe8 30. Rxe8 Rxe8 31. d6 Ng5 32. Qd4 Re4 33. Qd2 Nh3+ 34.
Kf1 Re8 35. d7 Rd8 36. Qd6 1-0

[Event "Phillips & Drew GLC Knights"]
[Site "London, County Hall"]
[Date "1982.04.22"]
[Round "8"]
[White "Nicholson, John Graham"]
[Black "Formanek, Edward W"]
[Result "0-1"]
[WhiteElo "2300"]
[BlackElo "2330"]
[PlyCount "86"]
[EventDate "1982.04.15"]
[EventType "tourn"]
[EventRounds "15"]
[EventCountry "ENG"]
[SourceTitle "BritBase"]
[Source "John Saunders"]
[SourceDate "2023.10.13"]
[SourceVersion "1"]
[SourceVersionDate "2023.10.13"]
[SourceQuality "1"]

1. e4 e5 2. Nf3 Nc6 3. Bb5 f5 4. d3 fxe4 5. dxe4 Nf6 6. O-O Bc5 7. Nc3 d6 8.
Na4 Bb6 9. Nxb6 axb6 10. Qd3 O-O 11. c3 Kh8 12. Bg5 Qe8 13. Bxf6 Rxf6 14. a4
Qh5 15. Qe3 Bg4 16. Nd2 Raf8 17. h3 Be6 18. Be2 Qf7 19. Nf3 Bd7 20. b4 Ne7 21.
Nh2 Qg6 22. Bg4 Bc6 23. Bf3 Rf4 24. Rfe1 Qf7 25. b5 Bd7 26. Bg4 Ng6 27. Bxd7
Qxd7 28. Re2 R4f7 29. Rd2 Nf4 30. Nf1 Ra8 31. Ng3 Qe6 32. Nf5 g6 33. Nh6 Rff8
34. Rda2 Qc4 35. g3 Ne6 36. h4 Nc5 37. h5 Qxe4 38. hxg6 Qxe3 39. fxe3 hxg6 40.
Kg2 Ne4 41. c4 Nf6 42. Rh1 Kg7 43. g4 Ne4 0-1

[Event "Phillips & Drew GLC Knights"]
[Site "London, County Hall"]
[Date "1982.04.22"]
[Round "8"]
[White "Watson, William Nicholas"]
[Black "Kopec, Danny"]
[Result "1-0"]
[WhiteElo "2330"]
[BlackElo "2375"]
[PlyCount "83"]
[EventDate "1982.04.15"]
[EventType "tourn"]
[EventRounds "15"]
[EventCountry "ENG"]
[SourceTitle "BritBase"]
[Source "John Saunders"]
[SourceDate "2023.10.13"]
[SourceVersion "1"]
[SourceVersionDate "2023.10.13"]
[SourceQuality "1"]

1. e4 e6 2. d4 c5 3. d5 exd5 4. exd5 Nf6 5. Nf3 d6 6. Bb5+ Nbd7 7. O-O Be7 8.
Re1 a6 9. Bf1 O-O 10. a4 Re8 11. c4 Nf8 12. h3 Ng6 13. Nc3 Bd7 14. Bd2 Rb8 15.
Qc2 Bf8 16. Rxe8 Nxe8 17. Bd3 Be7 18. Re1 Nf6 19. h4 Nf8 20. Bf4 Nh5 21. Ng5
Be8 22. Bh2 Ng6 23. Kh1 Nxh4 24. Bxh7+ Kf8 25. Qe2 Bxg5 26. Qxh5 g6 27. Bxg6
Nxg6 28. Ne4 Be7 29. Re3 Bxa4 30. Qh6+ Kg8 31. Rh3 Bc2 32. Qh7+ Kf8 33. Rf3 Ke8
34. Qxf7+ Kd7 35. Qe6+ Kc7 36. Nxd6 Nf4 37. Nb5+ axb5 38. Bxf4+ Bd6 39. Bxd6+
Kb6 40. Be7+ Ka5 41. Bxd8+ Rxd8 42. Qe1+ 1-0

[Event "Phillips & Drew GLC Knights"]
[Site "London, County Hall"]
[Date "1982.04.24"]
[Round "9"]
[White "Fedorowicz, John P"]
[Black "Franklin, Michael J"]
[Result "1/2-1/2"]
[WhiteElo "2455"]
[BlackElo "2315"]
[PlyCount "60"]
[EventDate "1982.04.15"]
[EventType "tourn"]
[EventRounds "15"]
[EventCountry "ENG"]
[SourceTitle "BritBase"]
[Source "John Saunders"]
[SourceDate "2023.10.13"]
[SourceVersion "1"]
[SourceVersionDate "2023.10.13"]
[SourceQuality "1"]

1. d4 Nf6 2. c4 e6 3. Nf3 Bb4+ 4. Bd2 Qe7 5. g3 Ne4 6. Bg2 O-O 7. O-O Bxd2 8.
Nbxd2 Nxd2 9. Qxd2 d6 10. Qc3 Nd7 11. Rac1 e5 12. dxe5 dxe5 13. c5 e4 14. Nd4
Nf6 15. c6 b6 16. Rfd1 Re8 17. h3 h5 18. e3 h4 19. g4 Nxg4 20. hxg4 Bxg4 21.
Kh1 h3 22. Bf1 Qf6 23. f4 exf3 24. Nb5 Re5 25. Qd4 Bf5 26. Nxc7 Rc8 27. Nd5 Qe6
28. Nf4 Qe8 29. c7 Rxe3 30. Qd8 f2 {... 54 moves} 1/2-1/2

[Event "Phillips & Drew GLC Knights"]
[Site "London, County Hall"]
[Date "1982.04.24"]
[Round "9"]
[White "Formanek, Edward W"]
[Black "Cox, John J"]
[Result "1/2-1/2"]
[WhiteElo "2330"]
[BlackElo "2285"]
[PlyCount "101"]
[EventDate "1982.04.15"]
[EventType "tourn"]
[EventRounds "15"]
[EventCountry "ENG"]
[SourceTitle "BritBase"]
[Source "John Saunders"]
[SourceDate "2023.10.13"]
[SourceVersion "1"]
[SourceVersionDate "2023.10.13"]
[SourceQuality "1"]

1. e4 e6 2. d4 d5 3. Nd2 Nf6 4. e5 Nfd7 5. Bd3 c5 6. c3 Nc6 7. Ne2 cxd4 8. cxd4
Nb6 9. O-O a5 10. Nf3 Be7 11. Re1 Bd7 12. Nc3 a4 13. Bc2 a3 14. bxa3 Nc4 15. a4
Qa5 16. Nb5 Nb4 17. Bb3 Bxb5 18. axb5 Qxb5 19. Bg5 Bxg5 20. Nxg5 h6 21. Nh3 Nc6
22. Qg4 O-O 23. Rad1 Qb4 24. Nf4 Kh8 25. Nh5 Rg8 26. Qf4 Nb2 27. Qxf7 Nxd1 28.
Rxd1 Qe7 29. Qf3 Qg5 30. Nf4 Rgf8 31. g3 Qf5 32. Qe2 Nb4 33. Qd2 g5 34. Nh5 Qf3
35. Nf6 Nxa2 36. Qc2 Qf5 37. Qc7 Rac8 38. Qxb7 Nc3 39. Rf1 Ne2+ 40. Kg2 Nxd4
41. Bd1 Rb8 42. Qc7 Rbc8 43. Qb7 Qg6 44. Bh5 Qg7 45. Rb1 Rc7 46. Rb6 Nc6 47.
Ne8 Rxe8 48. Bxe8 Nxe5 49. Qa6 Re7 50. Qc8 Qf8 51. Rb8 1/2-1/2

[Event "Phillips & Drew GLC Knights"]
[Site "London, County Hall"]
[Date "1982.04.24"]
[Round "9"]
[White "Hartoch, Robert G"]
[Black "Britton, Richard L"]
[Result "0-1"]
[WhiteElo "2390"]
[BlackElo "2285"]
[PlyCount "74"]
[EventDate "1982.04.15"]
[EventType "tourn"]
[EventRounds "15"]
[EventCountry "ENG"]
[SourceTitle "BritBase"]
[Source "John Saunders"]
[SourceDate "2023.10.13"]
[SourceVersion "1"]
[SourceVersionDate "2023.10.13"]
[SourceQuality "1"]

1. d4 Nf6 2. Nf3 b6 3. Bg5 Bb7 4. Nbd2 e6 5. e3 h6 6. Bh4 Be7 7. Bd3 O-O 8. c3
c5 9. O-O Nc6 10. Qe2 d6 11. a3 Nh5 12. Bxe7 Qxe7 13. b4 Rad8 14. b5 Nb8 15.
Ne1 Nf6 16. e4 e5 17. dxc5 dxc5 18. Nef3 Nh5 19. Bc4 Nf4 20. Qe3 Nd7 21. g3 Ng6
22. Rfd1 Nf6 23. Ne1 Rd6 24. f3 Rfd8 25. Be2 Qe6 26. Nd3 h5 27. Nf2 h4 28. Bf1
hxg3 29. hxg3 Nh5 30. Kh2 Nxg3 31. Kxg3 Qf6 32. Nh3 Qh4+ 33. Kh2 Nf4 34. Qf2
Qh6 35. Ra2 Bc8 36. Qg3 Rg6 37. Nc4 Rxd1 0-1

[Event "Phillips & Drew GLC Knights"]
[Site "London, County Hall"]
[Date "1982.04.24"]
[Round "9"]
[White "Kopec, Danny"]
[Black "Nicholson, John Graham"]
[Result "1-0"]
[WhiteElo "2375"]
[BlackElo "2300"]
[PlyCount "79"]
[EventDate "1982.04.15"]
[EventType "tourn"]
[EventRounds "15"]
[EventCountry "ENG"]
[SourceTitle "BritBase"]
[Source "John Saunders"]
[SourceDate "2023.10.13"]
[SourceVersion "1"]
[SourceVersionDate "2023.10.13"]
[SourceQuality "1"]

1. Nf3 Nf6 2. g3 b6 3. Bg2 Bb7 4. O-O e6 5. c4 c5 6. Nc3 Be7 7. d4 cxd4 8. Qxd4
d6 9. b3 O-O 10. Bb2 a6 11. Rfd1 Nbd7 12. h3 Qc7 13. Rac1 Rad8 14. Nh4 Rfe8 15.
e4 Qb8 16. Kh1 Qa8 17. Re1 Bf8 18. Rcd1 Rc8 19. Re2 Rcd8 20. Kh2 g6 21. Qd2 Bg7
22. Rde1 Bc6 23. Nf3 e5 24. Qe3 b5 25. Ba3 Qb8 26. cxb5 axb5 27. Bb4 d5 28.
exd5 Nxd5 29. Nxd5 Bxd5 30. Rd1 Bc6 31. Rc2 Qa8 32. Rxc6 Qxc6 33. Nd4 Qf6 34.
Nc6 Nf8 35. Rxd8 Rxd8 36. Be7 Qf5 37. Bxd8 Qd7 38. Qa7 Qd2 39. Bd5 Kh8 40. Qxf7
1-0

[Event "Phillips & Drew GLC Knights"]
[Site "London, County Hall"]
[Date "1982.04.24"]
[Round "9"]
[White "McNab, Colin Anderson"]
[Black "King, Daniel John"]
[Result "1/2-1/2"]
[WhiteElo "2340"]
[BlackElo "2365"]
[PlyCount "93"]
[EventDate "1982.04.15"]
[EventType "tourn"]
[EventRounds "15"]
[EventCountry "ENG"]
[SourceTitle "BritBase"]
[Source "John Saunders"]
[SourceDate "2023.10.13"]
[SourceVersion "1"]
[SourceVersionDate "2023.10.13"]
[SourceQuality "1"]

1. e4 c5 2. Nc3 Nc6 3. g3 g6 4. Bg2 Bg7 5. d3 e6 6. Be3 d6 7. Nh3 Nge7 8. O-O
O-O 9. Qd2 Nd4 10. Bh6 e5 11. Bxg7 Kxg7 12. f4 f6 13. Nd1 Be6 14. Ne3 Qd7 15.
Nf2 Rab8 16. c3 Ndc6 17. Nd5 b5 18. Nxe7 Qxe7 19. f5 Bd7 20. h4 Kh8 21. Kh2 Rg8
22. fxg6 Rxg6 23. Bh3 Rbg8 24. Rg1 Bxh3 25. Nxh3 Qe6 26. a3 d5 27. Raf1 dxe4
28. dxe4 Ne7 29. Rd1 Qc4 30. Qd3 R6g7 31. Nf2 f5 32. exf5 Qxd3 33. Nxd3 Nxf5
34. Nxc5 Nxg3 35. Rd3 Nf5 36. Rxg7 Kxg7 37. Kh3 Re8 38. Ne4 Kg6 39. Rf3 Rf8 40.
Nd6 h5 41. Rf2 a6 42. c4 bxc4 43. Nxc4 Kf6 44. b4 Ke6 45. Re2 Kd5 46. Nb6+ Kc6
47. Nc4 1/2-1/2

[Event "Phillips & Drew GLC Knights"]
[Site "London, County Hall"]
[Date "1982.04.24"]
[Round "9"]
[White "Norris, Alan J"]
[Black "Conquest, Stuart C"]
[Result "1/2-1/2"]
[WhiteElo "2265"]
[BlackElo "2315"]
[PlyCount "102"]
[EventDate "1982.04.15"]
[EventType "tourn"]
[EventRounds "15"]
[EventCountry "ENG"]
[SourceTitle "BritBase"]
[Source "John Saunders"]
[SourceDate "2023.10.13"]
[SourceVersion "1"]
[SourceVersionDate "2023.10.13"]
[SourceQuality "1"]

1. e4 c5 2. Nf3 d6 3. d4 cxd4 4. Nxd4 Nf6 5. Nc3 g6 6. Be3 Bg7 7. f3 Nc6 8. Qd2
O-O 9. O-O-O d5 10. exd5 Nxd5 11. Nxc6 bxc6 12. Bd4 e5 13. Bc5 Re8 14. Ne4 f5
15. Nd6 Bf8 16. c4 Bxd6 17. Bxd6 Qxd6 18. cxd5 Rd8 19. Qc2 c5 20. Bc4 Bd7 21.
h4 Rf8 22. Rhe1 Rae8 23. g3 e4 24. f4 h6 25. Re3 a5 26. Qc3 a4 27. a3 Re7 28.
Rf1 Kh7 29. Qd2 Rf6 30. Rc3 Qb6 31. Rd1 Rd6 32. Qe3 Bc8 33. Ba2 Rc7 34. g4 fxg4
35. Qxe4 Bf5 36. Qxa4 Rb7 37. Rb3 Qc7 38. Rxb7 Qxb7 39. Re1 Rd7 40. Qc4 Qb6 41.
d6 Rg7 42. Re7 Qd8 43. Rxg7+ Kxg7 44. Qf7+ Kh8 45. Be6 g3 46. Bxf5 gxf5 47. Qe7
Qg8 48. d7 Qc4+ 49. Kd2 Qd4+ 50. Ke1 Qf2+ 51. Kd1 Qd4+ 1/2-1/2

[Event "Phillips & Drew GLC Knights"]
[Site "London, County Hall"]
[Date "1982.04.24"]
[Round "9"]
[White "Rumens, David E"]
[Black "Watson, William Nicholas"]
[Result "1/2-1/2"]
[WhiteElo "2320"]
[BlackElo "2330"]
[PlyCount "67"]
[EventDate "1982.04.15"]
[EventType "tourn"]
[EventRounds "15"]
[EventCountry "ENG"]
[SourceTitle "BritBase"]
[Source "John Saunders"]
[SourceDate "2023.10.13"]
[SourceVersion "1"]
[SourceVersionDate "2023.10.13"]
[SourceQuality "1"]

1. e4 g6 2. f4 Bg7 3. Nf3 d5 4. exd5 Qxd5 5. Nc3 Qa5 6. d4 Nf6 7. Be2 O-O 8.
O-O Bg4 9. Ne5 Bxe2 10. Qxe2 Qb6 11. Be3 Nbd7 12. f5 c6 13. fxg6 hxg6 14. Ne4
Qxb2 15. Rfb1 Qa3 16. Rb3 Qa5 17. Nxf6+ Nxf6 18. Rxb7 Nd5 19. Bd2 Qa4 20. c4
Qa6 21. Rab1 Nb6 22. Rxe7 Bxe5 23. dxe5 Qxa2 24. Qe1 Qxc4 25. Rc1 Qd4+ 26. Kh1
Nd5 27. Rd7 Qg4 28. Rd6 Rfe8 29. Rcxc6 Nf4 30. Bxf4 Qxf4 31. e6 fxe6 32. Rxe6
Kh7 33. Re7+ Rxe7 34. Qxe7+ 1/2-1/2

[Event "Phillips & Drew GLC Knights"]
[Site "London, County Hall"]
[Date "1982.04.24"]
[Round "9"]
[White "Sowray, Peter John"]
[Black "Flear, Glenn C"]
[Result "0-1"]
[WhiteElo "2270"]
[BlackElo "2390"]
[PlyCount "130"]
[EventDate "1982.04.15"]
[EventType "tourn"]
[EventRounds "15"]
[EventCountry "ENG"]
[SourceTitle "BritBase"]
[Source "John Saunders"]
[SourceDate "2023.10.13"]
[SourceVersion "1"]
[SourceVersionDate "2023.10.13"]
[SourceQuality "1"]

1. d4 d5 2. c4 e6 3. Nc3 Nf6 4. Nf3 c6 5. Bg5 Nbd7 6. e3 Qa5 7. Nd2 dxc4 8.
Bxf6 Nxf6 9. Nxc4 Qc7 10. Bd3 Be7 11. e4 b5 12. Ne5 O-O 13. Rc1 Qb6 14. Nf3 c5
15. e5 Nd7 16. d5 c4 17. d6 Bd8 18. Be4 Bb7 19. O-O f6 20. Nd5 exd5 21. Bxd5+
Kh8 22. e6 Ne5 23. Nxe5 fxe5 24. Rc3 Rb8 25. Rh3 Qxd6 26. Rxh7+ Kxh7 27. Be4+
Bxe4 28. Qxd6 Bf6 29. Re1 Bf5 30. e7 Rfe8 31. Rxe5 Bxe5 32. Qxe5 Bg6 33. f4 b4
34. h4 Rb7 35. f5 Bf7 36. f6 Rb6 37. fxg7 Re6 38. Qf5+ Kg8 39. h5 R8xe7 40. Qg5
c3 41. bxc3 bxc3 42. Qc5 Re1+ 43. Kh2 R1e3 44. h6 Re8 45. a4 a5 46. Qc7 Bg6 47.
Qc4+ Bf7 48. Qc7 Rd3 49. Qc5 Bg6 50. Qxa5 c2 51. Qg5 Kh7 52. g8=Q+ Rxg8 53.
Qe7+ Kxh6 54. Qh4+ Kg7 55. Qe7+ Kh8 56. Qh4+ Bh7 57. Qc4 Rdd8 58. Qc3+ Rg7 59.
a5 Be4 60. a6 Rdg8 61. g4 Rf8 62. a7 Rf2+ 63. Kg1 Rg2+ 64. Kf1 c1=R+ 65. Qe1
Rf7# 0-1

[Event "Phillips & Drew GLC Knights"]
[Site "London, County Hall"]
[Date "1982.04.25"]
[Round "10"]
[White "Britton, Richard L"]
[Black "Norris, Alan J"]
[Result "1-0"]
[WhiteElo "2285"]
[BlackElo "2265"]
[PlyCount "81"]
[EventDate "1982.04.15"]
[EventType "tourn"]
[EventRounds "15"]
[EventCountry "ENG"]
[SourceTitle "BritBase"]
[Source "John Saunders"]
[SourceDate "2023.10.13"]
[SourceVersion "1"]
[SourceVersionDate "2023.10.13"]
[SourceQuality "1"]

1. e4 e5 2. Nf3 Nc6 3. Bb5 a6 4. Ba4 Nf6 5. O-O Nxe4 6. d4 b5 7. Bb3 d5 8. dxe5
Be6 9. Nbd2 Be7 10. c3 Nc5 11. Bc2 d4 12. cxd4 Nxd4 13. Nxd4 Qxd4 14. Ne4 Qxd1
15. Rxd1 Nxe4 16. Bxe4 Rd8 17. Rxd8+ Kxd8 18. Be3 Kc8 19. a4 b4 20. f4 f5 21.
Bd3 Kb7 22. Rc1 Rd8 23. Bxa6+ Kxa6 24. Rc6+ Kb7 25. Rxe6 Rd7 26. a5 c5 27. a6+
Kb8 28. Rb6+ Ka7 29. Rc6 Rd1+ 30. Kf2 Rb1 31. Rc7+ Kxa6 32. Rxe7 Rxb2+ 33. Kf3
Rc2 34. Re8 Kb7 35. e6 Kc7 36. Rb8 Kd6 37. Rb6+ Ke7 38. Rc6 Rc3 39. Rxc5 Kxe6
40. Rxc3 bxc3 41. Ke2 1-0

[Event "Phillips & Drew GLC Knights"]
[Site "London, County Hall"]
[Date "1982.04.25"]
[Round "10"]
[White "Conquest, Stuart C"]
[Black "Formanek, Edward W"]
[Result "1/2-1/2"]
[WhiteElo "2315"]
[BlackElo "2330"]
[PlyCount "168"]
[EventDate "1982.04.15"]
[EventType "tourn"]
[EventRounds "15"]
[EventCountry "ENG"]
[SourceTitle "BritBase"]
[Source "John Saunders"]
[SourceDate "2023.10.13"]
[SourceVersion "1"]
[SourceVersionDate "2023.10.13"]
[SourceQuality "1"]

1. d4 d5 2. c4 e6 3. Nf3 c6 4. g3 dxc4 5. Bg2 Nd7 6. O-O b5 7. e4 Ngf6 8. a4
Bb7 9. e5 Nd5 10. Ng5 N7b6 11. a5 Na4 12. Qh5 Qd7 13. a6 Bxa6 14. Nc3 Ndxc3 15.
bxc3 Bb7 16. Ne4 O-O-O 17. Bg5 Be7 18. Bxe7 Qxe7 19. Rxa4 bxa4 20. Nc5 Rd5 21.
Bxd5 cxd5 22. Rb1 Bc6 23. Qe2 Kc7 24. Qb2 Re8 25. Qb4 Kd8 26. Qa5+ Qc7 27. Qa6
h5 28. h4 g6 29. Kg2 Ke7 30. Nxa4 Kf8 31. Nc5 Kg7 32. Ra1 Ra8 33. Rb1 Kg8 34.
Kf1 Qc8 35. Qa5 Qd8 36. Qa6 Qc8 37. Qa5 Qd8 38. Qxd8+ Rxd8 39. Ra1 Ra8 40. Na6
Bb7 41. Nc7 Rc8 42. Nb5 a6 43. Nd6 Rc7 44. Ke2 Kf8 45. Ke3 Ke7 46. Kf4 Bc8 47.
Kg5 Rc6 48. f3 Bd7 49. g4 hxg4 50. fxg4 Rb6 51. Rf1 Rb3 52. Rxf7+ Kd8 53. Rf3
a5 54. Kxg6 a4 55. h5 a3 56. Rf1 Rxc3 57. h6 Ba4 58. h7 Bc2+ 59. Kg7 Bxh7 60.
Kxh7 Rh3+ 61. Kg6 c3 62. Rf2 Rd3 63. Nb5 Rd2 64. Rf1 Ke8 65. Nxc3 Rxd4 66. g5
Rb4 67. Kf6 d4 68. Na2 Rb2 69. Ra1 Kd7 70. Nc1 Rf2+ 71. Kg7 Rf1 72. g6 Kc6 73.
Rxa3 Rxc1 74. Kf6 Kd5 75. Ra5+ Ke4 76. g7 Rf1+ 77. Kxe6 Rg1 78. Ra7 Rg6+ 79.
Kf7 Rxg7+ 80. Kxg7 Kxe5 81. Kg6 d3 82. Kg5 Ke4 83. Kg4 d2 84. Re7+ Kd3 1/2-1/2

[Event "Phillips & Drew GLC Knights"]
[Site "London, County Hall"]
[Date "1982.04.25"]
[Round "10"]
[White "Cox, John J"]
[Black "Kopec, Danny"]
[Result "1-0"]
[WhiteElo "2285"]
[BlackElo "2375"]
[PlyCount "111"]
[EventDate "1982.04.15"]
[EventType "tourn"]
[EventRounds "15"]
[EventCountry "ENG"]
[SourceTitle "BritBase"]
[Source "John Saunders"]
[SourceDate "2023.10.13"]
[SourceVersion "1"]
[SourceVersionDate "2023.10.13"]
[SourceQuality "1"]

1. e4 c5 2. Nf3 Nc6 3. d4 cxd4 4. Nxd4 Nf6 5. Nc3 d6 6. Bc4 Bd7 7. O-O e6 8. f4
Be7 9. f5 Nxd4 10. Qxd4 Rc8 11. fxe6 fxe6 12. Bb3 Qa5 13. Be3 a6 14. Rad1 Qc5
15. h3 Qxd4 16. Bxd4 e5 17. Be3 Bc6 18. Be6 Bd7 19. Bb3 Bc6 20. Bg5 Kd7 21. Rf5
h6 22. Bh4 g5 23. Bg3 Nxe4 24. Nxe4 Bxe4 25. Rxe5 Bxc2 26. Be6+ Kc6 27. Re3
Bxd1 28. Rc3+ Kb5 29. Bxc8 Rd8 30. Bxb7 Bf6 31. Rd3 Bc2 32. Rd2 Bb1 33. a3 Ba2
34. Bf2 d5 35. Rc2 d4 36. Rc6 Bd5 37. Rxa6 Bxb7 38. Rxf6 d3 39. Be3 d2 40. Rb6+
Kc4 41. Rb4+ Kd3 42. Bxd2 Ba8 43. Bc3 Ke3 44. Rg4 Rd1+ 45. Kh2 Be4 46. h4 Bf5
47. Rg3+ Kf4 48. hxg5 hxg5 49. Rf3+ Ke4 50. Kg3 Rd3 51. a4 Bd7 52. a5 Rxf3+ 53.
gxf3+ Kd3 54. Bf6 Kc2 55. a6 Bc6 56. a7 1-0